Readings for the 21st century : (Record no. 7229)

MARC details
000 -LEADER
fixed length control field 00763nam a22002297a 4500
003 - CONTROL NUMBER IDENTIFIER
control field OSt
005 - DATE AND TIME OF LATEST TRANSACTION
control field 20260109060240.0
008 - FIXED-LENGTH DATA ELEMENTS--GENERAL INFORMATION
fixed length control field 260109b |||||||| |||| 00| 0 eng d
020 ## - INTERNATIONAL STANDARD BOOK NUMBER
International Standard Book Number 0-205-19803-1.
040 ## - CATALOGING SOURCE
Original cataloging agency DWCL-Main lib
Transcribing agency OC
082 ## - DEWEY DECIMAL CLASSIFICATION NUMBER
Edition number 3rd edition
Classification number GR. 428.6 R287 1997
100 ## - MAIN ENTRY--PERSONAL NAME
Personal name Ozersky, Josh
245 ## - TITLE STATEMENT
Title Readings for the 21st century :
Remainder of title tommorow's issues for todays students
Statement of responsibility, etc. Ozersky, Josh
260 ## - PUBLICATION, DISTRIBUTION, ETC.
Place of publication, distribution, etc. Boston :
Name of publisher, distributor, etc. Allyn & Bacon,
Date of publication, distribution, etc. c1997.
300 ## - PHYSICAL DESCRIPTION
Extent xix, 444 pages ;
Dimensions 23 cm.
650 ## - SUBJECT ADDED ENTRY--TOPICAL TERM
Source of heading or term 1. College readers.
650 ## - SUBJECT ADDED ENTRY--TOPICAL TERM
Source of heading or term 2. English language-Rhetoric.
650 ## - SUBJECT ADDED ENTRY--TOPICAL TERM
Source of heading or term 3. Readers-Twenty first century.
650 ## - SUBJECT ADDED ENTRY--TOPICAL TERM
Source of heading or term 4. Twenty first century-Problems, exercises, etc.
700 ## - ADDED ENTRY--PERSONAL NAME
Personal name Vesterman, William
942 ## - ADDED ENTRY ELEMENTS (KOHA)
Source of classification or shelving scheme Dewey Decimal Classification
Koha item type General Reference
Edition 3rd ed.
Call number prefix GR.
Suppress in OPAC No
952 ## - LOCATION AND ITEM INFORMATION (KOHA)
--
Holdings
Withdrawn status Lost status Source of classification or shelving scheme Damaged status Not for loan Home library Current library Shelving location Date acquired Source of acquisition Cost, normal purchase price Total Checkouts Full call number Barcode Date last seen Copy number Price effective from Koha item type Uniform Resource Identifier
    Dewey Decimal Classification     College Library College Library General Reference 12/18/2007 Donation 0.00   GR. 428.6 R287 1997 CL45498 01/09/2026 c1 01/09/2026 GR